000 01047nam a2200313 i 4500
001 000021806
003 DO-SdBNP
005 20240826134626.0
006 a||||gr|||| 00| 0
007 ta
008 100913e1984 dr ao d 001 0 spa d
040 _aDO-SdBNP
_bspa
_cBNPHU
_erda
041 _aspa
082 4 _a581.63403
_bF359d
_222
100 1 _aFermín Herrera, Pindaro
_945296
_eautor
245 1 0 _aDiccionario de plantas medicinales :
_b(sinonima de nombres vulgares y cientificos) /
_cPindaro Fermín Herrera.
250 _a1ra. edición
264 1 _aSanto Domingo :
_bEdiciones Hadit,
_c1984.
300 _a306 páginas :
_bilustraciones, fotografías ;
_c20 cm.
336 _2rdacontent
_atexto
_btxt
337 _2rdamedia
_asin mediación
_bn
338 _2rdacarrier
_avolumen
_bnc
500 _aIncluye pie de fotos.
504 _aBibliografías : páginas 305-306
590 _aInventariado 2024 / MF
650 4 _aPlantas medicinales
_xDiccionarios
_945297
910 _aValidado. Control de calidad MFF
942 _2ddc
_cLBS1
999 _c21304
_d21304